| 000 | 00862cam a22002773a 4500 | ||
|---|---|---|---|
| 001 | 20963 | ||
| 003 | PGUSA | ||
| 005 | 20140828083439.0 | ||
| 008 | 070402s2007||||xxu|||||s|||||000 1 eng d | ||
| 040 |
_aPGUSA _beng |
||
| 042 | _adc | ||
| 050 | 4 | _aPZ | |
| 100 | 1 |
_aMolesworth, _cMrs, _d1839-1921 |
|
| 245 | 1 | 0 |
_aGrandmother Dear : _bA Book for Boys and Girls _h[electronic resource] / _cMolesworth, |
| 260 |
_bProject Gutenberg, _c2007 |
||
| 506 | _aPublic domain in the USA. | ||
| 516 | _aElectronic text | ||
| 653 | _aGrandparent and child -- Juvenile fiction | ||
| 653 | _aMotherless families -- Juvenile fiction | ||
| 653 | _aGrandmothers -- Juvenile fiction | ||
| 653 | _aFrance -- Juvenile fiction | ||
| 700 | 1 |
_aCrane, Walter, _d1845-1915 |
|
| 830 | 0 |
_aProject Gutenberg _v20963 |
|
| 856 | 4 | 0 | _uhttp://www.gutenberg.org/ebooks/20963 |
| 942 | _cEB | ||
| 999 |
_c250218 _d250218 |
||